书目信息 |
| 题名: |
人大法律评论
|
|
| 作者: | 《人大法律评论》编辑委员会 组编 | |
| 分册: | ||
| 出版信息: | 北京 法律出版社 2014.2 |
|
| 页数: | 238页 | |
| 开本: | 15cm | |
| 丛书名: | ||
| 单 册: | ||
| 中图分类: | D9-53 | |
| 科图分类: | ||
| 主题词: | 法律--文集 | |
| 电子资源: | ||
| ISBN: | 978-7-5118-5913-6 | |
| 000 | 00968nam0 2200229 450 | |
| 001 | 523 | |
| 005 | 20140905101530.45 | |
| 010 | @a978-7-5118-5913-6@dCNY38.00 | |
| 100 | @a20110316d2014 em y0chiy50 ea | |
| 101 | 0 | @achi |
| 102 | @aCN@b110000 | |
| 105 | @ay z 000yy | |
| 106 | @ar | |
| 200 | 1 | @a人大法律评论@ARen Da Fa Lu^ Ping Lun@f《人大法律评论》编辑委员会组编@F《 Ren Da Fa Lu^ Ping Lun》 Bian Ji Wei Yuan Hui Zu Bian |
| 210 | @a北京@c法律出版社@d2014.2 | |
| 215 | @a238页@d15cm | |
| 330 | @a本书为人民大学法学院组织编写的综合性法学论文集,包括法学理论,法律史学,各部门法等,作者为我国学界知名学者,以及年轻学者。本书为人民大学法学院组织编写的综合性法学论文集,包括法学理论,法律史学,各部门法等,作者为我国学界知名学者,以及年轻学者。 | |
| 606 | @a法律@x文集 | |
| 690 | @aD9-53@v5 | |
| 701 | @a《人大法律评论》编辑委员会@A《 Ren Da Fa Lu^ Ping Lun》 Bian Ji Wei Yuan Hui@4组编 | |
| 801 | 0 | @aCN@bTANGWEI@c20140603 |
| 905 | @b0839578-80@dD9-53@e474@f3 | |
| 人大法律评论/《人大法律评论》编辑委员会组编.-北京:法律出版社,2014.2 |
| 238页;15cm |
| ISBN 978-7-5118-5913-6:CNY38.00 |
| 本书为人民大学法学院组织编写的综合性法学论文集,包括法学理论,法律史学,各部门法等,作者为我国学界知名学者,以及年轻学者。本书为人民大学法学院组织编写的综合性法学论文集,包括法学理论,法律史学,各部门法等,作者为我国学界知名学者,以及年轻学者。 |
| ● |
| 相关链接 |
|
|
|
|
正题名:人大法律评论
索取号:D9-53/474
 
预约/预借
| 序号 | 登录号 | 条形码 | 馆藏地/架位号 | 状态 | 备注 |
| 1 | 0839578 | 208395789 | 第一样本阅览室/ [索取号:D9-53/474] | 在馆 | |
| 2 | 0839579 | 208395798 | 密集书库-史法系/ [索取号:D9-53/474] | 在馆 | |
| 3 | 0839580 | 208395805 | 第一借阅区/ [索取号:D9-53/474] | 在馆 |